000 00645nam a2200241Ia 4500
003 OSt
005 20221005115628.0
006 a|||||r|||| 00| 0
007 ta
008 221004b |||||||| |||| 00| 0 ben d
020 _c125
024 _a114942
037 _b2, 18/01/2008, Mukta Dhara
_cTextual
040 _aCRL
_cCRL
_bben
041 _2ben
_aben
082 _aO157,3N62x, P6
100 _aNasrin Taslima
245 0 _aChoto choto dukha katha
260 _c2006
650 _aBENGALI LITERATURE
942 _hO157,3N62x, P6
_cTEXL
_2cc
999 _c1035443
_d1035443